01185nam a22001815i 4500001000700000003000900007005001700016008004100033040002000074080001700094100005600111245044400167260013000611300003300741650003700774700004100811852015100852152976ES-MaACL20250723063351.0040907q17051799sp |||| | spa d aCAM bspa cCAM a811.134.2'361 aCaro y Cejudo, Jerónimo Martín,d1630-1712eaut10aExplicacion del libro IV y V del arte nuevo de gramatica :ben que tambien se contiene la explicacion de la construccion figurada, relativos & c. y muchas frases sacadas de los autores latinos : con nuevas adiciones en el cuerpo del libro y los tratados de los yerros y descuidos mas notables de la primera y segunda parte del Speculum Grammaticorum / cpor el maestro Geronimo Martin Caro y Cejudo...; corregida por Francisco de Cepeda... aEn Madrid : bpor la viuda de Joseph Garcia : ba costa de la Real Compañia de Impresores y Libreros, c[entre 1705 y 1799] a[14], 471 páginas ; c8º. 4aLengua española-xGramática.1 aCepeda, Francisco de,ds. XVIIIecrr aES-MaACLcDEPO2fEx-libris ms. de Josef VillanovafEx-libris ms. de Blas Figueroa fEx-libris ms. de Pedro Alcántara SalgadojF-2182 xHolandesa